000 01241nam a2200313 a 4500
999 _c447969
_d447969
003 BLK
005 20230628131428.0
008 180409b bul|||||r ||||||| ||bul||
040 _aBLK
041 _aBUL
_cBUL
080 _aДраматични театри. Театри за драма и комедия. Вж и 82-2
_b792.2
_x(497.215)(062)
_z792.2(497.215)(062)
111 _9471247
_aДраматичен театър "Сава Огнянов"
_cРусе
_dСезон 1991-92 година
139 _bД 87
245 1 0 _aКотаракът в чизми
_bКомедия за деца от Нина Стойчева
_h[Малотир. изд.]
257 _aBGR
260 _aРусе
_c1992
300 _a1 л.
_bс ил.
_c44x31 см
380 _a7
500 _aПостановка Любомир Дековски ; Режисьор Цако Дачев ; Хореография Анелия Михова Съдържа календар
651 4 _aРусе
_9179462
653 7 _aтеатър
_9198069
653 7 _aпиеси за деца
_9193748
852 _aК 792/Д 87
_bК
856 4 _qpdf
856 4 _qpdf
942 _cKNG
_n0
_s1
_01
944 _aCR
_c2022-03-10
_l2022-03-10
_kК.Д.
999 _d447969